[Event "Bad Woerishofen op"]
[Site "?"]
[Date "2003.??.??"]
[Round "5"]
[White "Pflug, Mathias"]
[Black "Jenni, Florian"]
[Result "0-1"]
[WhiteElo "2241"]
[BlackElo "2516"]
[Annotator "ChessOrg"]
[PlyCount "92"]

1. d4 Nf6 2. Bg5 e6 3. e4 h6 4. Bxf6 Qxf6 5. Nc3 Bb4 6. Qd2 c5 7. a3 Bxc3 8.
bxc3 Nc6 9. dxc5 Qe7 10. Qd6 b6 11. Qxe7+ Kxe7 12. cxb6 axb6 13. Bd3 Bb7 14.
Ne2 Ra4 15. Kd2 Na7 16. c4 Rb8 17. Rhb1 Nc8 18. Nc3 Ra5 19. Nb5 Bc6 20. Rb3 g5
21. f3 f6 22. g3 Nd6 23. Nd4 e5 24. Ne2 g4 25. Nc3 gxf3 26. g4 Rg8 27. h3 h5
28. Ke3 hxg4 29. hxg4 Rxg4 30. Kxf3 f5 31. Rxb6 Rf4+ 32. Ke3 fxe4 33. Be2 Nf5+
34. Kd2 e3+ 35. Kc1 Nd4 36. Kb2 Nxe2 37. Nxe2 Rxc4 38. Re1 Rac5 39. c3 Rg4 40.
Kc2 Be4+ 41. Kb3 Bd5+ 42. Kc2 Bc4 43. Nc1 Rg2+ 44. Kb1 Rg3 45. Rh6 Rb5+ 46. Ka1
Rg2 0-1

[Event "Bad Woerishofen op"]
[Site "?"]
[Date "2003.??.??"]
[Round "5"]
[White "Sandipan, Chanda"]
[Black "Babar, Frank"]
[Result "1-0"]
[WhiteElo "2464"]
[BlackElo "2240"]
[Annotator "ChessOrg"]
[PlyCount "45"]

1. e4 c5 2. Nf3 e6 3. d4 cxd4 4. Nxd4 a6 5. Bd3 Qc7 6. O-O b5 7. a4 bxa4 8.
Rxa4 Bb7 9. Nc3 Nf6 10. Qe2 d6 11. f4 h5 12. Rc4 Qd8 13. e5 dxe5 14. fxe5 Ng4
15. Kh1 Bc5 16. Rxc5 Qxd4 17. Rc7 Ra7 18. Be4 Qb6 19. Rfxf7 Bxe4 20. Rxa7 Bc6
21. Bg5 Nd7 22. Raxd7 Bxd7 23. Re7+ 1-0

[Event "Bad Woerishofen op"]
[Site "?"]
[Date "2003.??.??"]
[Round "5"]
[White "Kunz, Konstantin"]
[Black "Kohlweyer, Bernd"]
[Result "0-1"]
[WhiteElo "2236"]
[BlackElo "2454"]
[Annotator "ChessOrg"]
[PlyCount "46"]

1. d4 Nf6 2. Nf3 e6 3. c4 c5 4. e3 d5 5. a3 Nc6 6. dxc5 Bxc5 7. b4 Bd6 8. Bb2
O-O 9. Nc3 a5 10. b5 Ne5 11. Qd4 Nxf3+ 12. gxf3 e5 13. Qh4 dxc4 14. Bxc4 Bf5
15. Rg1 Rc8 16. Bb3 Qe7 17. Qg5 Bg6 18. h4 Bb4 19. h5 Rxc3 20. hxg6 Rxb3+ 21.
Kf1 fxg6 22. Bxe5 Bc3 23. Bxc3 Rxc3 0-1

[Event "Bad Woerishofen op"]
[Site "?"]
[Date "2003.??.??"]
[Round "5"]
[White "Schuette, Marc"]
[Black "Henrichs, Thomas"]
[Result "1/2-1/2"]
[WhiteElo "2232"]
[BlackElo "2439"]
[Annotator "ChessOrg"]
[PlyCount "57"]

1. e4 c5 2. c3 Nf6 3. e5 Nd5 4. d4 cxd4 5. Nf3 e6 6. cxd4 d6 7. Bc4 Nb6 8. Bb3
dxe5 9. Nxe5 N8d7 10. O-O Nxe5 11. dxe5 Qxd1 12. Rxd1 Bd7 13. Be3 Bc6 14. Nc3
Nd7 15. f4 Bc5 16. Bxc5 Nxc5 17. Bc4 a6 18. Kf2 Ke7 19. g3 g5 20. Be2 Rhg8 21.
b4 Nd7 22. Bf3 gxf4 23. gxf4 Bxf3 24. Kxf3 f6 25. exf6+ Nxf6 26. Rac1 Rad8 27.
h3 h5 28. Rxd8 Rxd8 29. Rd1 1/2-1/2

[Event "Bad Woerishofen op"]
[Site "?"]
[Date "2003.??.??"]
[Round "5"]
[White "Graf, Christian"]
[Black "Klundt, Klaus"]
[Result "1/2-1/2"]
[WhiteElo "2231"]
[BlackElo "2381"]
[Annotator "ChessOrg"]
[PlyCount "32"]

1. e4 c5 2. c3 Nf6 3. e5 Nd5 4. d4 cxd4 5. cxd4 d6 6. Nf3 Nc6 7. Bc4 Nb6 8. Bb5
dxe5 9. Nxe5 Bd7 10. Nc3 Nxe5 11. dxe5 Bxb5 12. Nxb5 Qxd1+ 13. Kxd1 Rd8+ 14.
Ke2 a6 15. Nc3 e6 16. b3 Nd5 1/2-1/2

[Event "Bad Woerishofen op"]
[Site "?"]
[Date "2003.??.??"]
[Round "5"]
[White "Keller, Manfred"]
[Black "Lieb, Harald"]
[Result "1/2-1/2"]
[WhiteElo "2214"]
[BlackElo "2336"]
[Annotator "ChessOrg"]
[PlyCount "43"]

1. e4 e6 2. d4 d5 3. Nc3 Nf6 4. Bg5 dxe4 5. Nxe4 Be7 6. Bxf6 gxf6 7. Nf3 a6 8.
g3 b5 9. Bg2 Bb7 10. Qe2 Nd7 11. O-O Nb6 12. c3 O-O 13. Rfe1 f5 14. Nc5 Bd5 15.
b3 Bxc5 16. dxc5 Nd7 17. Qe3 Qe7 18. Nh4 Qxc5 19. Bxd5 Qxe3 20. Rxe3 exd5 21.
Nxf5 Nf6 22. Rd1 1/2-1/2

[Event "Bad Woerishofen op"]
[Site "?"]
[Date "2003.??.??"]
[Round "5"]
[White "Dittmar, Peter"]
[Black "Bjarnason, Oskar"]
[Result "1/2-1/2"]
[WhiteElo "2320"]
[BlackElo "2195"]
[Annotator "ChessOrg"]
[PlyCount "67"]

1. d4 d5 2. c4 c6 3. e3 Nf6 4. Nc3 a6 5. Qc2 e6 6. Nf3 c5 7. cxd5 exd5 8. Be2
Nc6 9. O-O Be6 10. Rd1 Nb4 11. Qb1 Qc8 12. Nh4 g5 13. a3 gxh4 14. axb4 cxb4 15.
Na4 Qc7 16. Bd2 Ne4 17. f3 Nxd2 18. Rxd2 Rc8 19. Bd3 h5 20. Rc2 Qd8 21. Rxc8
Bxc8 22. Qc2 Bh6 23. Kh1 O-O 24. f4 Qe7 25. Qf2 Kh8 26. Re1 Rg8 27. Nb6 h3 28.
Nxc8 hxg2+ 29. Qxg2 Qh4 30. Qe2 Rxc8 31. Rg1 Rg8 32. Rxg8+ Kxg8 33. Bc2 Qh3 34.
b3 1/2-1/2

[Event "Bad Woerishofen op"]
[Site "?"]
[Date "2003.??.??"]
[Round "5"]
[White "Seifert, Volker"]
[Black "Maahs, Erich"]
[Result "1-0"]
[WhiteElo "2310"]
[BlackElo "2180"]
[Annotator "ChessOrg"]
[PlyCount "93"]

1. d4 d5 2. c4 Nc6 3. Nc3 e5 4. cxd5 Nxd4 5. e3 Nf5 6. Nf3 Bd6 7. Bb5+ Kf8 8.
O-O Nf6 9. e4 Ne7 10. h3 Ng6 11. Re1 h6 12. Be3 a6 13. Bf1 b5 14. Nd2 Kg8 15.
Qc2 Kh7 16. Nb3 Rf8 17. a4 b4 18. Nb1 Ne8 19. N1d2 f5 20. exf5 Bxf5 21. Bd3
Bxd3 22. Qxd3 Qd7 23. Nc5 Qf5 24. Qxf5 Rxf5 25. Nde4 Ne7 26. Red1 a5 27. Rac1
Rf7 28. Nb7 Nf5 29. b3 Kg8 30. Nd2 Nxe3 31. fxe3 Nf6 32. Nc4 Ne4 33. Ncxa5 Nc3
34. Rd2 Be7 35. Nc4 Bg5 36. Nc5 e4 37. Ne6 Rd7 38. Nxg5 hxg5 39. d6 Re8 40. Kh2
Re6 41. dxc7 Rxc7 42. Ra1 Kf7 43. a5 Ke7 44. Nb6 Rd6 45. Rxd6 Kxd6 46. a6 Nb5
47. a7 1-0

[Event "Bad Woerishofen op"]
[Site "?"]
[Date "2003.??.??"]
[Round "5"]
[White "Beckmann, Klaus"]
[Black "Thiel, Thomas"]
[Result "0-1"]
[WhiteElo "2191"]
[BlackElo "2309"]
[Annotator "ChessOrg"]
[PlyCount "52"]

1. e4 e6 2. d4 d5 3. Nd2 c5 4. Ngf3 cxd4 5. exd5 Qxd5 6. Bc4 Qd6 7. O-O Nf6 8.
Nb3 Nc6 9. Nbxd4 Nxd4 10. Nxd4 a6 11. Re1 Qc7 12. Qe2 Bd6 13. h3 b5 14. Bd3 Bb7
15. c3 Qc5 16. Be3 O-O 17. f4 Nd5 18. f5 Nxe3 19. Qxe3 exf5 20. Bxf5 g6 21. Bc2
Rad8 22. Bb3 Bb8 23. Qe7 Qb6 24. Rf1 Bd5 25. Rf6 Bd6 26. Bxd5 Qxd4+ 0-1

[Event "Bad Woerishofen op"]
[Site "?"]
[Date "2003.??.??"]
[Round "5"]
[White "Fischer, Manfred"]
[Black "Pfrommer, Christoph"]
[Result "1/2-1/2"]
[WhiteElo "2180"]
[BlackElo "2290"]
[Annotator "ChessOrg"]
[PlyCount "66"]

1. e4 c5 2. c3 d5 3. exd5 Qxd5 4. d4 Nf6 5. Nf3 e6 6. Be2 Nc6 7. O-O Be7 8. Na3
cxd4 9. Nb5 Qd8 10. cxd4 O-O 11. Re1 a6 12. Nc3 b5 13. Bg5 Bb7 14. a3 Rc8 15.
Bd3 g6 16. Bc2 Na5 17. Ne5 Nc4 18. Bh6 Re8 19. Bb3 Nxe5 20. dxe5 Nd7 21. Qg4
Qb6 22. h4 Red8 23. h5 Nf8 24. hxg6 hxg6 25. Bg5 Rd4 26. Qg3 Bxg5 27. Qxg5 Qd8
28. Qg3 Rd3 29. Re3 Rxe3 30. Qxe3 Qc7 31. Rd1 Rd8 32. Re1 Qd7 33. Rd1 Qc7
1/2-1/2

[Event "Bad Woerishofen op"]
[Site "?"]
[Date "2003.??.??"]
[Round "5"]
[White "Pitl, Gregory"]
[Black "Einwiller, Dieter"]
[Result "1-0"]
[WhiteElo "2280"]
[BlackElo "2153"]
[Annotator "ChessOrg"]
[PlyCount "89"]

1. e4 d5 2. exd5 Qxd5 3. Nc3 Qa5 4. d4 c6 5. Bc4 Nf6 6. Bd2 Bf5 7. Qe2 e6 8. d5
cxd5 9. Nxd5 Qd8 10. Nxf6+ Qxf6 11. O-O-O Ba3 12. c3 Be7 13. g4 Bg6 14. h4 h6
15. Nh3 Nc6 16. Nf4 O-O-O 17. Nxg6 Qxg6 18. h5 Qf6 19. f4 Bd6 20. Rhf1 Qe7 21.
Qe4 Rhe8 22. Bb5 Qc7 23. g5 Bf8 24. Be3 a6 25. Ba4 Rxd1+ 26. Rxd1 b5 27. Bb3
Rd8 28. Rxd8+ Kxd8 29. g6 fxg6 30. hxg6 e5 31. f5 Kc8 32. Bxh6 gxh6 33. f6 Qb6
34. g7 Qg1+ 35. Kd2 Qf2+ 36. Qe2 Qf4+ 37. Qe3 Qh2+ 38. Kc1 Qh1+ 39. Bd1 Bxg7
40. fxg7 Ne7 41. Qxe5 Kd7 42. Qxe7+ Kxe7 43. g8=Q Kd7 44. Qg7+ Kc6 45. Qa7 1-0

[Event "Bad Woerishofen op"]
[Site "?"]
[Date "2003.??.??"]
[Round "5"]
[White "Ashton, Adam"]
[Black "Schuette, Manfred"]
[Result "1/2-1/2"]
[WhiteElo "2175"]
[BlackElo "2280"]
[Annotator "ChessOrg"]
[PlyCount "66"]

1. e4 c5 2. Nf3 d6 3. d4 cxd4 4. Nxd4 Nf6 5. Nc3 g6 6. Be3 Bg7 7. f3 O-O 8. Qd2
Nc6 9. Bc4 Nd7 10. O-O Nb6 11. Be2 a6 12. a4 Na5 13. Bf2 Bd7 14. Nd5 Nxd5 15.
exd5 Qc7 16. Rfe1 e5 17. dxe6 fxe6 18. Rad1 Be5 19. Bf1 Nc6 20. Nxc6 Bxc6 21.
Bg3 Bxa4 22. Bxe5 dxe5 23. b3 Rad8 24. Qf2 Rxd1 25. Rxd1 Bc6 26. Bc4 Re8 27.
Qc5 e4 28. Rd6 exf3 29. Rxe6 Rxe6 30. Bxe6+ Kg7 31. Qd4+ Kh6 32. Qh4+ Kg7 33.
Qd4+ Kh6 1/2-1/2

[Event "Bad Woerishofen op"]
[Site "?"]
[Date "2003.??.??"]
[Round "5"]
[White "Schiffer, Steve"]
[Black "Medancic, Rikard"]
[Result "0-1"]
[WhiteElo "2171"]
[BlackElo "2268"]
[Annotator "ChessOrg"]
[PlyCount "117"]

1. e4 e5 2. Nf3 d6 3. d4 exd4 4. Nxd4 Nf6 5. Nc3 Be7 6. Bd3 O-O 7. O-O Re8 8.
Re1 c6 9. Bg5 Nbd7 10. Nf3 Qb6 11. a3 Ng4 12. Qd2 Nde5 13. Bxe7 Nxf3+ 14. gxf3
Ne5 15. Be2 Rxe7 16. f4 Ng4 17. Bxg4 Bxg4 18. f5 f6 19. b4 Rd8 20. Qf4 Bh5 21.
Qh4 Be8 22. Rad1 a5 23. b5 Qc5 24. Re3 Red7 25. Rg3 Kh8 26. bxc6 bxc6 27. Kh1
Qxf2 28. Rdg1 Qd4 29. Rh3 h6 30. Qg4 Qd2 31. e5 dxe5 32. Ne4 Qf4 33. Nxf6 Qxg4
34. Nxg4 c5 35. f6 Rd1 36. fxg7+ Kxg7 37. Nxe5+ Rxg1+ 38. Kxg1 Rd1+ 39. Kf2
Rd2+ 40. Ke3 Rxc2 41. Kd3 Rc1 42. Kd2 Rh1 43. Rg3+ Kf8 44. h3 Rh2+ 45. Kc1 Re2
46. Nc4 a4 47. Rf3+ Ke7 48. Rf5 Rh2 49. Re5+ Kf8 50. Rxc5 Rxh3 51. Rf5+ Kg7 52.
Nd6 Bg6 53. Rf4 Rxa3 54. Kb2 Rb3+ 55. Ka2 Rd3 56. Nb5 Bf7+ 57. Ka1 Rd1+ 58. Kb2
h5 59. Ka3 0-1

[Event "Bad Woerishofen op"]
[Site "?"]
[Date "2003.??.??"]
[Round "5"]
[White "Maugg, Ludwig"]
[Black "Poulsen, Martin"]
[Result "0-1"]
[WhiteElo "2136"]
[BlackElo "2244"]
[Annotator "ChessOrg"]
[PlyCount "62"]

1. d4 Nf6 2. c4 c5 3. d5 b5 4. cxb5 a6 5. b6 Qxb6 6. Nc3 d6 7. Nf3 g6 8. Nd2
Bg7 9. e4 O-O 10. Be2 Nbd7 11. Nc4 Qc7 12. Bf4 Ne8 13. Qd2 Nb6 14. Ne3 e5 15.
dxe6 fxe6 16. Nc4 Nxc4 17. Bxc4 Qf7 18. Be3 Bb7 19. Bd3 Rc8 20. O-O d5 21. exd5
exd5 22. Na4 c4 23. Be2 d4 24. Bg5 Nd6 25. f3 Nf5 26. Rfe1 d3 27. Bd1 h6 28.
Bf4 Bd4+ 29. Kh1 Rce8 30. Nc3 g5 31. g4 Nh4 0-1

[Event "Bad Woerishofen op"]
[Site "?"]
[Date "2003.??.??"]
[Round "5"]
[White "Werner, Clemens"]
[Black "Otterstaetter, Stefan"]
[Result "0-1"]
[WhiteElo "2334"]
[BlackElo "2165"]
[Annotator "ChessOrg"]
[PlyCount "128"]

1. e4 c5 2. Nf3 Nf6 3. e5 Nd5 4. c3 e6 5. d4 cxd4 6. cxd4 b6 7. Nc3 Nxc3 8.
bxc3 Qc7 9. Bd2 Be7 10. Rc1 d6 11. Bd3 Nd7 12. O-O dxe5 13. Nxe5 Nxe5 14. Bf4
Bd6 15. dxe5 Bc5 16. Qg4 Kf8 17. Be4 Bb7 18. Qf3 Bxe4 19. Qxe4 Rc8 20. Rfd1 h6
21. Qa4 Ke7 22. Rd3 Rhd8 23. Rf3 Qd7 24. Qc2 g5 25. Be3 Bxe3 26. Rxe3 Qd2 27.
Qb1 Rc5 28. Rce1 Rxc3 29. R3e2 Qd3 30. Qb4+ Rc5 31. h3 Rd4 32. Qb2 Qc3 33. Qb1
Rd3 34. Kh2 Kf8 35. g3 Kg7 36. Rc1 Qxc1 37. Qxd3 Qc3 38. Qe4 Rd5 39. Kg2 Qd4
40. Kf3 Qxe4+ 41. Kxe4 h5 42. f4 Ra5 43. fxg5 Ra4+ 44. Kf3 Kg6 45. h4 Kf5 46.
Kg2 b5 47. Kh3 b4 48. Rf2+ Kg6 49. Rf6+ Kg7 50. g6 fxg6 51. Rf2 Ra5 52. Rb2 Rb5
53. a3 b3 54. Kg2 a5 55. a4 Rb4 56. Kf3 g5 57. Ke2 Kg6 58. Kd2 gxh4 59. gxh4
Kf5 60. Kc1 Kxe5 61. Rg2 Rxa4 62. Rg5+ Kf6 63. Kb2 Rxh4 64. Rxa5 Rh3 0-1

[Event "Bad Woerishofen op"]
[Site "?"]
[Date "2003.??.??"]
[Round "5"]
[White "Buchner, Rudolf"]
[Black "Walton, Alan"]
[Result "1-0"]
[WhiteElo "2301"]
[BlackElo "2144"]
[Annotator "ChessOrg"]
[PlyCount "45"]

1. e4 e6 2. d4 d5 3. Nd2 Nf6 4. e5 Nfd7 5. Bd3 c5 6. c3 Nc6 7. Ne2 cxd4 8. cxd4
Qb6 9. Nf3 f6 10. exf6 Nxf6 11. O-O Bd6 12. Bf4 Bxf4 13. Nxf4 Qxb2 14. Qa4 O-O
15. Rab1 Qc3 16. Bb5 Ng4 17. Ne2 Qa5 18. Bxc6 Qc7 19. h3 Nxf2 20. Rxf2 bxc6 21.
Rc1 Bd7 22. Qc2 Rac8 23. Ng5 1-0

[Event "Bad Woerishofen op"]
[Site "?"]
[Date "2003.??.??"]
[Round "5"]
[White "Meier, Volker"]
[Black "Galje, Hans"]
[Result "1-0"]
[WhiteElo "2294"]
[BlackElo "2148"]
[Annotator "ChessOrg"]
[PlyCount "49"]

1. e4 d5 2. exd5 Qxd5 3. Nc3 Qa5 4. d4 c6 5. Nf3 Nf6 6. Bc4 Bf5 7. Bd2 e6 8.
Qe2 Bb4 9. O-O-O Nbd7 10. Nh4 Bg4 11. f3 Bxc3 12. bxc3 Bh5 13. g4 Bg6 14. Bb3
O-O-O 15. Kb2 Nb6 16. c4 Qa6 17. c3 Na4+ 18. Ka1 c5 19. Be1 Rd6 20. Nxg6 hxg6
21. Qc2 Nb6 22. Bg3 Rdd8 23. dxc5 Nxc4 24. Qe2 Na5 25. Qe5 1-0

[Event "Bad Woerishofen op"]
[Site "?"]
[Date "2003.??.??"]
[Round "5"]
[White "Kauch, Markus"]
[Black "Damm, Fabian"]
[Result "1-0"]
[WhiteElo "2263"]
[BlackElo "2130"]
[Annotator "ChessOrg"]
[PlyCount "57"]

1. Nf3 Nf6 2. g3 g6 3. Bg2 Bg7 4. c4 O-O 5. d4 d6 6. O-O c5 7. d5 Na6 8. Nc3
Nc7 9. a4 e6 10. Nd2 exd5 11. cxd5 Na6 12. Nc4 Qe7 13. Bf4 Rd8 14. Qd2 Nb4 15.
e4 Ng4 16. h3 Ne5 17. Nxe5 Bxe5 18. Bxe5 Qxe5 19. Rad1 b6 20. f4 Qe8 21. e5 Bb7
22. Ne4 Qxa4 23. Nf6+ Kg7 24. f5 dxe5 25. fxg6 fxg6 26. Qg5 Rd6 27. Qxe5 Rxf6
28. Qxf6+ Kh6 29. Qf4+ 1-0

[Event "Bad Woerishofen op"]
[Site "?"]
[Date "2003.??.??"]
[Round "5"]
[White "Lotsov, Har-Zahar"]
[Black "Hillenbrand, Alexander"]
[Result "1-0"]
[WhiteElo "2039"]
[BlackElo "2155"]
[Annotator "ChessOrg"]
[PlyCount "81"]

1. e4 c5 2. Nf3 e6 3. d4 cxd4 4. Nxd4 a6 5. c4 Qc7 6. Nc3 Nf6 7. Bd3 d6 8. O-O
Nbd7 9. b3 Be7 10. Bb2 b6 11. Kh1 O-O 12. f4 Rd8 13. Qf3 Bb7 14. Qh3 Nf8 15.
Rae1 Ng6 16. f5 exf5 17. Nxf5 Ne5 18. Nd5 Bxd5 19. exd5 Bf8 20. Qg3 Nh5 21. Qh3
Nf6 22. Bb1 Ng6 23. Nxg7 Bxg7 24. Bxf6 Re8 25. Bxg7 Kxg7 26. Qf5 Rxe1 27. Qf6+
Kg8 28. Rxe1 Qd8 29. Qxd8+ Rxd8 30. Bxg6 hxg6 31. Kg1 b5 32. Kf2 bxc4 33. bxc4
Rc8 34. Rc1 Rc5 35. Ke3 Ra5 36. Rc2 Kf8 37. Kd4 Ke7 38. Kc3 Rc5 39. Rb2 Ra5 40.
Rb7+ Kf6 41. Kb3 1-0

[Event "Bad Woerishofen op"]
[Site "?"]
[Date "2003.??.??"]
[Round "5"]
[White "Woerl, Richard"]
[Black "Peschlow, Patrick"]
[Result "0-1"]
[WhiteElo "2087"]
[BlackElo "2228"]
[Annotator "ChessOrg"]
[PlyCount "48"]

1. e4 c5 2. c3 d5 3. exd5 Qxd5 4. d4 g6 5. Be3 Nf6 6. Be2 cxd4 7. cxd4 Bg7 8.
Nc3 Qa5 9. Nf3 O-O 10. O-O Nc6 11. h3 Rd8 12. Bc4 Qb4 13. Qb3 Qxb3 14. Bxb3 Na5
15. Bc2 b6 16. Bf4 Bb7 17. Rad1 Rac8 18. Rfe1 Nc4 19. Rxe7 Bxf3 20. gxf3 Nxb2
21. Rb1 Rxc3 22. Rxb2 Nd5 23. Re4 Nxf4 24. Rxf4 Bh6 0-1

[Event "Bad Woerishofen op"]
[Site "?"]
[Date "2003.??.??"]
[Round "5"]
[White "Huhndorf, Arnold"]
[Black "Magar, Johannes"]
[Result "1-0"]
[WhiteElo "2221"]
[BlackElo "2124"]
[Annotator "ChessOrg"]
[PlyCount "61"]

1. d4 d5 2. c4 Nc6 3. cxd5 Qxd5 4. e3 e5 5. Nc3 Bb4 6. Bd2 Bxc3 7. bxc3 Nf6 8.
c4 Qd6 9. d5 Nb8 10. Rb1 Na6 11. Nf3 O-O 12. Be2 Nc5 13. Bb4 Re8 14. O-O b6 15.
Nd4 exd4 16. exd4 Bf5 17. Rb3 c6 18. dxc5 bxc5 19. Bc3 Rad8 20. Bf3 Ne4 21. Ba5
Rd7 22. dxc6 Qxc6 23. Rd3 Rxd3 24. Qxd3 Qa4 25. Qd5 Qxa5 26. Qxf5 Nd2 27. Bd5
Rf8 28. Rd1 Qxa2 29. Qf4 Nb1 30. Bxf7+ Kh8 31. Qd6 1-0

[Event "Bad Woerishofen op"]
[Site "?"]
[Date "2003.??.??"]
[Round "5"]
[White "Ballon, Guenter-Jan"]
[Black "Koenig, Christian"]
[Result "1/2-1/2"]
[WhiteElo "2219"]
[BlackElo "2139"]
[Annotator "ChessOrg"]
[PlyCount "30"]

1. d4 e6 2. c4 b6 3. Nc3 Bb7 4. Nf3 Bb4 5. Bd2 Nf6 6. e3 O-O 7. Be2 Be7 8. O-O
c5 9. Qc2 d6 10. dxc5 bxc5 11. Rfd1 Nc6 12. Be1 Qb6 13. Rac1 Rfd8 14. b3 Rac8
15. h3 h6 1/2-1/2

[Event "Bad Woerishofen op"]
[Site "?"]
[Date "2003.??.??"]
[Round "5"]
[White "Tscharotschkin, Michael"]
[Black "Eichler, Gottfried"]
[Result "1-0"]
[WhiteElo "2214"]
[BlackElo "2112"]
[Annotator "ChessOrg"]
[PlyCount "83"]

1. e4 c5 2. c3 d6 3. d4 Nf6 4. dxc5 dxc5 5. Bb5+ Bd7 6. Bc4 e6 7. e5 Bc6 8.
Qxd8+ Kxd8 9. Nf3 Bxf3 10. exf6 Bc6 11. fxg7 Bxg7 12. Na3 a6 13. Be3 Nd7 14.
Be2 b5 15. O-O h5 16. Rad1 Ke7 17. f4 Rag8 18. Bf3 Bxf3 19. Rxf3 c4 20. Nc2 Rc8
21. Bf2 Rhd8 22. Kf1 Nf6 23. Rxd8 Kxd8 24. Bd4 Ne8 25. Bb6+ Ke7 26. Rh3 Bh6 27.
g3 Ng7 28. Be3 Rd8 29. Nd4 Rd5 30. g4 f6 31. Ke2 Kf7 32. gxh5 e5 33. fxe5 Bxe3
34. Rxe3 fxe5 35. Rf3+ Kg8 36. Nf5 e4 37. Ne7+ Kh7 38. Nxd5 exf3+ 39. Kxf3 Nxh5
40. Nc7 Nf6 41. Nxa6 Kg6 42. Nc7 1-0

[Event "Bad Woerishofen op"]
[Site "?"]
[Date "2003.??.??"]
[Round "5"]
[White "Wallhof, Dieter"]
[Black "Simonsen, Hans"]
[Result "1/2-1/2"]
[WhiteElo "2079"]
[BlackElo "2213"]
[Annotator "ChessOrg"]
[PlyCount "105"]

1. e4 e6 2. d4 d5 3. exd5 exd5 4. Nf3 Bg4 5. Bd3 Nc6 6. c3 Bd6 7. O-O Nge7 8.
Nbd2 Qd7 9. b4 Ng6 10. Qc2 Nf4 11. Re1+ Ne7 12. Ne5 Bxe5 13. dxe5 O-O-O 14. Nb3
Nxd3 15. Qxd3 Qf5 16. Qg3 Qg6 17. Nd4 Nf5 18. Nxf5 Bxf5 19. Be3 Qxg3 20. hxg3
Rhe8 21. Bd4 b6 22. f3 h5 23. Re2 Kb7 24. a4 Re6 25. Rb2 Rc6 26. a5 Rc4 27.
axb6 axb6 28. b5 Ra8 29. Rxa8 Kxa8 30. e6 fxe6 31. Bxg7 Ra4 32. Be5 Kb7 33. Kf2
Bd3 34. Ke3 Bc4 35. g4 hxg4 36. fxg4 Bf1 37. Rb4 Rxb4 38. cxb4 Bxg2 39. g5 Be4
40. Bc3 Kc8 41. Kd4 Kd7 42. Be1 Bc2 43. Bg3 c6 44. bxc6+ Kxc6 45. Bf4 Kb5 46.
Bd6 Bf5 47. Kc3 Kc6 48. Be5 Kd7 49. Kd4 Kd8 50. Bf6+ Kd7 51. Be5 Ke8 52. Bc7 b5
53. Ke5 1/2-1/2

[Event "Bad Woerishofen op"]
[Site "?"]
[Date "2003.??.??"]
[Round "5"]
[White "Hanisch, Pavel"]
[Black "Klaus, Daniel"]
[Result "1-0"]
[WhiteElo "2144"]
[BlackElo "2033"]
[Annotator "ChessOrg"]
[PlyCount "65"]

1. e4 d5 2. exd5 Qxd5 3. Nc3 Qd6 4. d4 Nf6 5. Nf3 Bg4 6. Be3 a6 7. h3 Bf5 8.
Bd3 Bxd3 9. Qxd3 Nc6 10. O-O-O g6 11. Rhe1 Bg7 12. Kb1 O-O 13. d5 Na7 14. Bd4
c5 15. Be5 Qd7 16. Qe3 b6 17. d6 e6 18. Qg5 Qd8 19. d7 Nxd7 20. Bxg7 Kxg7 21.
Qe3 Qc7 22. Ne4 Rad8 23. Qc3+ Kh6 24. g4 e5 25. g5+ Kg7 26. Rxd7 Rxd7 27. Nxe5
Nb5 28. Qg3 Rd4 29. c3 Rxe4 30. Rxe4 Nd6 31. Ng4 Qc6 32. Qe5+ f6 33. gxf6+ 1-0

[Event "Bad Woerishofen op"]
[Site "?"]
[Date "2003.??.??"]
[Round "5"]
[White "Koehne, Arno"]
[Black "Schuster, Gerhard"]
[Result "0-1"]
[WhiteElo "2030"]
[BlackElo "2151"]
[Annotator "ChessOrg"]
[PlyCount "129"]

1. d4 Nf6 2. c4 e6 3. Nf3 b6 4. g3 Bb7 5. Bg2 Be7 6. O-O O-O 7. Nbd2 c5 8. e3
d5 9. b3 Nbd7 10. Bb2 dxc4 11. Nxc4 Rc8 12. Rc1 Rc7 13. dxc5 Bxc5 14. Nd4 Bxg2
15. Kxg2 a6 16. Qe2 b5 17. Nd2 Ne5 18. Kg1 Bb4 19. N2f3 Nxf3+ 20. Qxf3 Rxc1 21.
Rxc1 Qd5 22. Qxd5 Nxd5 23. Rc6 Ra8 24. e4 Nf6 25. f3 Kf8 26. Kf2 h5 27. Ke3 Nd7
28. Rc7 Ke8 29. a3 Bc5 30. Ke2 Bb6 31. Rc2 Nc5 32. b4 Na4 33. Ba1 Kd7 34. Nb3
f6 35. Bd4 Bxd4 36. Nxd4 e5 37. Nb3 Kd6 38. Nc5 a5 39. Nb7+ Ke7 40. Nxa5 Nb6
41. Rc7+ Kf8 42. Rc5 Na4 43. Rc6 Kf7 44. Rc7+ Kg6 45. Ke3 Nb2 46. Rc5 Nc4+ 47.
Nxc4 bxc4 48. Ra5 Rd8 49. Rd5 Ra8 50. Ra5 Rd8 51. a4 Rd3+ 52. Ke2 Rb3 53. Rb5
Rb2+ 54. Ke3 Rxh2 55. a5 Ra2 56. Rc5 Ra3+ 57. Ke2 Ra2+ 58. Ke3 Ra3+ 59. Ke2
Ra2+ 60. Kf1 Kg5 61. Rxc4 h4 62. gxh4+ Kxh4 63. Rc3 Kg3 64. Rb3 g5 65. Ke1 0-1

[Event "Bad Woerishofen op"]
[Site "?"]
[Date "2003.??.??"]
[Round "5"]
[White "Holscher, Peter"]
[Black "Schaefer, Michael"]
[Result "1/2-1/2"]
[WhiteElo "2090"]
[BlackElo "2186"]
[Annotator "ChessOrg"]
[PlyCount "93"]

1. d4 Nf6 2. Nf3 g6 3. c4 Bg7 4. g3 d5 5. Bg2 dxc4 6. O-O O-O 7. Qc2 Nc6 8.
Qxc4 Nd7 9. e3 e5 10. dxe5 Ndxe5 11. Nxe5 Nxe5 12. Qe2 Be6 13. Rd1 Qf6 14. Nd2
Rad8 15. Ne4 Qe7 16. Nc3 Rxd1+ 17. Qxd1 Rd8 18. Qc2 Qd7 19. e4 Qd3 20. Qxd3
Nxd3 21. Bg5 Rd7 22. Rd1 c6 23. Bf1 Nxb2 24. Rxd7 Bxd7 25. Bd2 Be6 26. Be2 b5
27. a3 Nc4 28. Bxc4 Bxc4 29. Kg2 Bf8 30. Bc1 a5 31. Kf3 b4 32. axb4 axb4 33.
Nd1 c5 34. Ke3 Bb3 35. Nb2 Bg7 36. Nd3 Bd4+ 37. Kd2 c4 38. Nxb4 Bxf2 39. Kc3
Bg1 40. h3 Bh2 41. Bf4 g5 42. Be5 h5 43. Nc6 Kh7 44. g4 Bxe5+ 45. Nxe5 hxg4 46.
hxg4 Kg7 47. Nxc4 1/2-1/2

[Event "Bad Woerishofen op"]
[Site "?"]
[Date "2003.??.??"]
[Round "5"]
[White "Sailer, Wolfgang"]
[Black "Grosser, Walter"]
[Result "1-0"]
[WhiteElo "2182"]
[BlackElo "2096"]
[Annotator "ChessOrg"]
[PlyCount "85"]

1. d4 Nf6 2. c4 d6 3. Nc3 g6 4. e4 Bg7 5. Nf3 O-O 6. Be2 e5 7. dxe5 dxe5 8.
Qxd8 Rxd8 9. Bg5 Nbd7 10. O-O-O Rf8 11. Nd2 c6 12. b4 Re8 13. c5 Nf8 14. Nc4
Ne6 15. Bxf6 Bxf6 16. Nd6 Rf8 17. Bg4 Bg5+ 18. Kb2 f5 19. exf5 Nd4 20. Nce4 Bh6
21. Nxc8 gxf5 22. Ne7+ Kh8 23. Rxd4 fxe4 24. Rd7 Rxf2+ 25. Kb3 a5 26. bxa5 Rxa5
27. Rxb7 Rfxa2 28. Nxc6 R5a3+ 29. Kc4 Be3 30. Kd5 Rc2 31. Nxe5 Rxc5+ 32. Kxe4
Ra4+ 33. Kxe3 Rxe5+ 34. Kf3 h5 35. Bd7 Rd4 36. Bc6 Re6 37. Rc1 Rd8 38. g3 Rc8
39. Rb6 Rg6 40. Ke4 Re6+ 41. Kf5 Re2 42. Rb7 Rxh2 43. Kg6 1-0

[Event "Bad Woerishofen op"]
[Site "?"]
[Date "2003.??.??"]
[Round "5"]
[White "Pimmingstorfer, Christian"]
[Black "Daeubler, Heinrich"]
[Result "0-1"]
[WhiteElo "2050"]
[BlackElo "2180"]
[Annotator "ChessOrg"]
[PlyCount "120"]

1. f4 Nf6 2. Nf3 c5 3. e3 b6 4. b3 Bb7 5. Bb2 e6 6. Be2 Be7 7. O-O O-O 8. Qe1
d6 9. Nc3 Nbd7 10. d3 d5 11. Ne5 Ne8 12. Bf3 Rc8 13. Rd1 Bh4 14. g3 Nxe5 15.
fxe5 Bg5 16. h4 Be7 17. Ne2 b5 18. Nf4 Qb6 19. Qf2 f6 20. Bg4 Nc7 21. c4 f5 22.
Bf3 Rcd8 23. Qg2 Ba8 24. Kh1 dxc4 25. dxc4 Bxf3 26. Qxf3 bxc4 27. e4 Qb7 28.
Rxd8 Rxd8 29. exf5 Qxf3+ 30. Rxf3 Rd1+ 31. Kg2 Rd2+ 32. Rf2 Rxf2+ 33. Kxf2 cxb3
34. axb3 exf5 35. Ke3 Kf7 36. Kd3 g6 37. Kc4 h6 38. Nd3 Ne6 39. Ba3 g5 40. hxg5
hxg5 41. Kd5 c4 42. Bxe7 cxd3 43. Bb4 f4 44. gxf4 Nxf4+ 45. Ke4 Ke6 46. Bd2 Nh3
47. Kxd3 Kxe5 48. Kc4 g4 49. Kb5 g3 50. Be3 Ke4 51. Bxa7 g2 52. b4 Kf3 53. Kc6
Nf2 54. Bxf2 Kxf2 55. b5 g1=Q 56. b6 Qc1+ 57. Kb7 Ke3 58. Ka8 Qa3+ 59. Kb8 Ke4
60. b7 Kd5 0-1